| 000 | 00674nam a2200193Ii 4500 | ||
|---|---|---|---|
| 003 | JO-AjNU | ||
| 008 | 230605s9999||||xx |||||||||||||| ||und|| | ||
| 040 |
_aJO-AjNU _bara _erda _cJO-AjNU |
||
| 041 | _aara | ||
| 050 | 1 | 4 | _aPJ7640.K3642 1985 |
| 100 | 3 |
_aتأليف الكنعاني،نعمان ماهر, _eauthor _920568 |
|
| 245 | 0 | 0 | _aشعراء الواحدة |
| 264 | 3 | 1 | _aبغداد:مكتبة النقاء،1985 |
| 300 | _a115ص | ||
| 336 |
_atext _btxt _2rdacontent |
||
| 337 |
_aunmediated _bn _2rdamedia |
||
| 338 |
_avolume _bnc _2rdacarrier |
||
| 650 | 4 |
_a الشعر العربي - تاريخ ونقد - القرن العشرين - شعراء مقلين _920569 |
|
| 999 |
_aA6993 _c10561 _d10561 |
||